000 00312 a2200145 4500
001 61687
020 _a9788516068431
040 _cAnchieta - Pituba
240 1 0 _aAraribá geografia 9
_lpor
245 1 0 _aAraribá geografia 9
300 _a240
362 0 _a2010
650 4 _aGeografia e viagens
942 _cBK
999 _c61687
_d61687